[Event "14th Mikhail Chigorin Memorial"]
[Site "Sochi URS"]
[Date "1980.09.05"]
[Round "2"]
[White "Knaak, Rainer"]
[Black "Spasov, Ljuben"]
[WhiteElo "2535"]
[BlackElo "2450"]
[Result "1-0"]
[EventDate "1980.09.03"]
[PlyCount "127"]

1. d4 Nf6 2. c4 e6 3. Nc3 Bb4 4. e3 O-O 5. Bd3 c5 6. Nf3 d5 7. O-O cxd4 8. exd4 dxc4 9. Bxc4 b6 10. Bg5 Bb7 11. Re1 Nbd7 12. Rc1 Rc8 13. Qb3 Ba5 14. Ne5 Qc7 15. Bxe6 fxe6 16. Qxe6+ Kh8 17. Nf7+ Rxf7 18. Qxf7 Rf8 19. Qe7 Qb8 20. Bh4 Bxc3 21. bxc3 Bd5 22. c4 Bg8 23. Bg3 Qc8 24. Qb4 Qa6 25. c5 bxc5 26. dxc5 Rc8 27. Qd4 Bd5 28. Bd6 Bc6 29. f3 Qxa2 30. Ra1 Qd5 31. Qxd5 Nxd5 32. Rxa7 Kg8 33. Rd1 N5f6 34. Kf2 h6 35. h4 h5 36. Kg3 Kf7 37. Re1 Nd5 38. Re5 N5f6 39. Re7+ Kg6 40. Kf2 Ra8 41. Rc7 Ra2+ 42. Kg3 Bb5 43. c6 Ra6 44. Rcxd7 Nxd7 45. cxd7 Rxd6 46. Re6+ Rxe6 47. d8=Q Rf6 48. Qb8 Bd7 49. Qe5 Bf5 50. Qe8+ Kh6 51. Kf2 Be6 52. Qh8+ Kg6 53. Ke3 Bd7 54. Qd8 Be6 55. Qe8+ Bf7 56. Qe4+ Kh6 57. Kd4 Be6 58. Qe5 Rg6 59. g3 Bh3 60. Kc5 Bd7 61. Qe3+ Kh7 62. Qd3 Bc6 63. Qxg6+ Kxg6 64. Kxc6 1-0

[Event "14th Mikhail Chigorin Memorial"]
[Site "Sochi URS"]
[Date "1980.09.05"]
[Round "2"]
[White "Tseshkovsky, Vitaly"]
[Black "Van der Wiel, John TH"]
[WhiteElo "2595"]
[BlackElo "2465"]
[Result "0-1"]
[EventDate "1980.09.03"]
[PlyCount "83"]

1. e4 g6 2. d4 Bg7 3. Nc3 c6 4. Nf3 d6 5. Bc4 Nf6 6. e5 dxe5 7. Nxe5 O-O 8. O-O Nbd7 9. Bg5 Nb6 10. Bb3 Nfd5 11. Nf3 a5 12. a4 Be6 13. Ne4 Nf6 14. Bxf6 exf6 15. Bxe6 fxe6 16. Re1 Re8 17. Nc5 Qc8 18. c3 Nd5 19. Qb3 b6 20. Nd3 Bf8 21. Re4 c5 22. dxc5 bxc5 23. Rae1 Rb8 24. Qc4 Kg7 25. R4e2 Nb6 26. Qb5 c4 27. Nf4 e5 28. Nd5 Bc5 29. Ne3 Nd5 30. Nxd5 Rxb5 31. axb5 Qb7 32. Rd2 e4 33. Nh4 Re5 34. Red1 g5 35. Ne3 Qxb5 36. Nhf5+ Kg6 37. g4 Bxe3 38. Nxe3 h5 39. h3 hxg4 40. hxg4 Re7 41. Nf5 Rh7 42. Rd8 0-1

[Event "14th Mikhail Chigorin Memorial"]
[Site "Sochi URS"]
[Date "1980.09.12"]
[Round "7"]
[White "Panchenko, Alexander"]
[Black "Knaak, Rainer"]
[WhiteElo "2495"]
[BlackElo "2535"]
[Result "1/2-1/2"]
[EventDate "1980.09.03"]
[PlyCount "53"]

1. e4 e6 2. d4 d5 3. Nd2 Be7 4. c3 c5 5. dxc5 Nf6 6. exd5 Qxd5 7. b4 e5 8. Qb3 a5 9. Bb2 axb4 10. cxb4 Nc6 11. a3 Nd4 12. Qxd5 Nxd5 13. Bxd4 exd4 14. Bb5+ Bd7 15. Bxd7+ Kxd7 16. Nb3 Bf6 17. Nf3 Ra4 18. Kd2 Rha8 19. Kd3 Rxa3 20. Kc4 d3 21. Rxa3 Rxa3 22. Rd1 b5+ 23. cxb6 Nxb6+ 24. Kxd3 Kc6 25. Nfd2 Kb5 26. Ke4 Ra4 27. Kf3 1/2-1/2

[Event "14th Mikhail Chigorin Memorial"]
[Site "Sochi URS"]
[Date "1980.09.12"]
[Round "7"]
[White "Zaitsev, Igor"]
[Black "Spasov, Ljuben"]
[WhiteElo "2490"]
[BlackElo "2450"]
[Result "1/2-1/2"]
[EventDate "1980.09.03"]
[PlyCount "93"]

1. e4 c5 2. Nc3 Nc6 3. g3 g6 4. Bg2 Bg7 5. d3 d6 6. Nge2 e6 7. O-O Nge7 8. Be3 Nd4 9. Qd2 O-O 10. Rae1 Rb8 11. Nc1 b6 12. Nd1 e5 13. c3 Ndc6 14. a3 d5 15. exd5 Nxd5 16. Bh6 a5 17. Bxg7 Kxg7 18. Ne3 Nxe3 19. Qxe3 Bb7 20. Nb3 Re8 21. Nd2 Qc7 22. a4 Rbd8 23. Nc4 f6 24. f4 Ba6 25. Qe4 Bxc4 26. Qxc4 Re7 27. d4 Rde8 28. fxe5 fxe5 29. dxc5 e4 30. cxb6 Qxb6+ 31. Kh1 Ne5 32. Qb5 Qxb5 33. axb5 Nd3 34. Re2 a4 35. Kg1 Re5 36. Rd1 Rxb5 37. Rxd3 exd3 38. Rxe8 d2 39. Bf3 Rxb2 40. Ra8 Rc2 41. Be2 Rc1+ 42. Kf2 d1=Q 43. Bxd1 Rxd1 44. Rxa4 Rd2+ 45. Kg1 h5 46. Rd4 Rc2 47. c4 1/2-1/2

[Event "14th Mikhail Chigorin Memorial"]
[Site "Sochi URS"]
[Date "1980.09.13"]
[Round "8"]
[White "Sveshnikov, Evgeny"]
[Black "Rashkovsky, Nukhim"]
[WhiteElo "2570"]
[BlackElo "2520"]
[Result "1-0"]
[EventDate "1980.09.03"]
[PlyCount "97"]

1. Nf3 Nf6 2. c4 g6 3. Nc3 Bg7 4. g3 O-O 5. Bg2 d6 6. d4 Nbd7 7. O-O e5 8. e4 exd4 9. Nxd4 Re8 10. Re1 c6 11. h3 a5 12. Bf4 Ne5 13. b3 Nfd7 14. Re2 Nc5 15. Rd2 a4 16. Rb1 axb3 17. axb3 Qe7 18. Be3 f5 19. exf5 gxf5 20. Nde2 Ra3 21. Nf4 Nf7 22. Qc2 Ne5 23. Re2 Qf7 24. Bxc5 dxc5 25. Rbe1 Bd7 26. Na4 Ng6 27. Nxc5 Rxe2 28. Qxe2 Nxf4 29. gxf4 Bd4 30. b4 Bxc5 31. bxc5 Qf6 32. Qd1 Be6 33. Qd6 Ra1 34. Rxa1 Qxa1+ 35. Kh2 Kf7 36. Qc7+ Kg6 37. Qxb7 Qd4 38. Qxc6 Qxf4+ 39. Kg1 Qxc4 40. Qd6 Kf6 41. c6 Qc1+ 42. Kh2 Qc2 43. c7 Kf7 44. Kg3 Qc1 45. Bc6 Qg1+ 46. Kf3 Qe1 47. Kg2 Bc8 48. Qd8 Ba6 49. Bd5+ 1-0

[Event "14th Mikhail Chigorin Memorial"]
[Site "Sochi URS"]
[Date "1980.09.14"]
[Round "9"]
[White "Arnason, Jon Loftur"]
[Black "Tseshkovsky, Vitaly"]
[WhiteElo "2435"]
[BlackElo "2595"]
[Result "1/2-1/2"]
[EventDate "1980.09.03"]
[PlyCount "43"]

1. e4 c5 2. Nf3 d6 3. d4 cxd4 4. Nxd4 Nf6 5. Nc3 a6 6. Be2 e5 7. Nb3 Be7 8. Bg5 Be6 9. f4 exf4 10. Bxf4 Nc6 11. O-O O-O 12. Kh1 d5 13. e5 Ne4 14. Bd3 f5 15. exf6 Bxf6 16. Na4 Be5 17. Bxe5 Nxe5 18. Nac5 Rxf1+ 19. Qxf1 Nxd3 20. cxd3 Nxc5 21. Nxc5 Qd6 22. Nxe6 1/2-1/2

[Event "14th Mikhail Chigorin Memorial"]
[Site "Sochi URS"]
[Date "1980.09.14"]
[Round "9"]
[White "Van der Wiel, John TH"]
[Black "Knaak, Rainer"]
[WhiteElo "2465"]
[BlackElo "2535"]
[Result "1-0"]
[EventDate "1980.09.03"]
[PlyCount "75"]

1. e4 c5 2. Nf3 e6 3. d4 cxd4 4. Nxd4 Nf6 5. Nc3 d6 6. Be2 Be7 7. O-O O-O 8. f4 Nc6 9. Be3 e5 10. Nb3 exf4 11. Rxf4 Be6 12. Nd5 Ne5 13. Nxe7+ Qxe7 14. Nd2 d5 15. Bd4 Nfd7 16. exd5 Bxd5 17. Rf2 Rad8 18. c4 Bc6 19. Qc2 Nc5 20. Qc3 Rfe8 21. Rd1 f6 22. Bxc5 Qxc5 23. b4 Qe7 24. Nf1 Qe6 25. b5 Be4 26. Rxd8 Rxd8 27. Qa5 b6 28. Qxa7 Qd6 29. Ng3 Bg6 30. Rf1 h5 31. Bxh5 Qc5+ 32. Kh1 Nd3 33. Bxg6 Nf2+ 34. Rxf2 Qxf2 35. Qf7+ Kh8 36. Bd3 Rxd3 37. Qe8+ Kh7 38. Qe4+ 1-0

[Event "14th Mikhail Chigorin Memorial"]
[Site "Sochi URS"]
[Date "1980.09.17"]
[Round "10"]
[White "Spasov, Ljuben"]
[Black "Van der Wiel, John TH"]
[WhiteElo "2450"]
[BlackElo "2465"]
[Result "1/2-1/2"]
[EventDate "1980.09.03"]
[PlyCount "30"]

1. Nf3 Nf6 2. c4 b6 3. Nc3 e6 4. d4 Bb4 5. Bd2 Bb7 6. g3 c5 7. dxc5 bxc5 8. Bg2 O-O 9. O-O d5 10. cxd5 exd5 11. Rc1 Nbd7 12. Ne1 Bxc3 13. Bxc3 Qb6 14. Bxf6 Nxf6 15. Nd3 Rac8 1/2-1/2

[Event "14th Mikhail Chigorin Memorial"]
[Site "Sochi URS"]
[Date "1980.09.18"]
[Round "11"]
[White "Zaitsev, Igor"]
[Black "Tseshkovsky, Vitaly"]
[WhiteElo "2490"]
[BlackElo "2595"]
[Result "0-1"]
[EventDate "1980.09.03"]
[PlyCount "120"]

1. Nf3 Nf6 2. c4 g6 3. g3 Bg7 4. Bg2 O-O 5. O-O d6 6. d4 Nc6 7. Nc3 a6 8. h3 Rb8 9. e4 Nd7 10. Bg5 h6 11. Be3 Kh7 12. Rc1 Na5 13. Nd2 c5 14. dxc5 dxc5 15. f4 Bd4 16. Bxd4 cxd4 17. Nd5 Nc6 18. e5 e6 19. Ne4 exd5 20. cxd5 Nb4 21. Qxd4 Qb6 22. Qxb6 Nxb6 23. Nf6+ Kg7 24. a3 Nd3 25. Rc2 Bf5 26. g4 Ne1 27. Rc3 Nxg2 28. Kxg2 Nxd5 29. gxf5 Nxc3 30. bxc3 Rbc8 31. fxg6 fxg6 32. Rf3 Rc4 33. Rd3 Rxf4 34. Rd7+ Rf7 35. e6 R4xf6 36. exf7 Rxf7 37. Rd6 h5 38. Rb6 Kh6 39. a4 Rc7 40. a5 Rxc3 41. Rxb7 Ra3 42. Rb6 Rxa5 43. h4 Kg7 44. Kh3 Kf7 45. Rc6 Ra1 46. Kg2 a5 47. Rc5 Ra2+ 48. Kg3 Ra3+ 49. Kg2 a4 50. Ra5 Ke6 51. Rg5 Kf6 52. Ra5 Ra1 53. Kh2 a3 54. Kg2 Ke6 55. Rg5 Rc1 56. Rxg6+ Kd5 57. Ra6 Rc3 58. Ra5+ Kc4 59. Rxh5 Kb4 60. Rh8 a2 0-1

[Event "14th Mikhail Chigorin Memorial"]
[Site "Sochi URS"]
[Date "1980.09.19"]
[Round "12"]
[White "Vaganian, Rafael"]
[Black "Van der Wiel, John TH"]
[WhiteElo "2590"]
[BlackElo "2465"]
[Result "1-0"]
[EventDate "1980.09.03"]
[PlyCount "78"]

1. d4 e6 2. c4 Nf6 3. Nc3 Bb4 4. e3 c5 5. Nge2 d5 6. a3 cxd4 7. exd4 Be7 8. c5 O-O 9. Bf4 Ne4 10. b4 Nc6 11. b5 Nxd4 12. Nxe4 Nxe2 13. Bxe2 dxe4 14. Qxd8 Rxd8 15. c6 e5 16. Bxe5 Rd5 17. Bg3 a6 18. c7 axb5 19. O-O Be6 20. Rfd1 Rc5 21. Rab1 Rc8 22. Rdc1 Kf8 23. Rxc5 Bxc5 24. Rxb5 Bxa3 25. Rxb7 Ke7 26. Rb6 Bc5 27. Rc6 Bd4 28. Ba6 e3 29. fxe3 Bxe3+ 30. Bf2 Bxf2+ 31. Kxf2 Bd7 32. Bxc8 Bxc8 33. Ke3 Kd7 34. Rc5 Kd6 35. Kd4 h6 36. Re5 Bd7 37. Re8 Kxc7 38. Re7 g5 39. Rxf7 h5 1-0

[Event "14th Mikhail Chigorin Memorial"]
[Site "Sochi URS"]
[Date "1980.09.22"]
[Round "14"]
[White "Torre, Eugenio"]
[Black "Farago, Ivan"]
[WhiteElo "2520"]
[BlackElo "2505"]
[Result "1/2-1/2"]
[EventDate "1980.09.03"]
[PlyCount "78"]

1. d4 Nf6 2. c4 e6 3. Nc3 Bb4 4. e3 O-O 5. Nge2 d5 6. a3 Be7 7. cxd5 exd5 8. g3 Nbd7 9. Bg2 Nb6 10. O-O Re8 11. h3 c6 12. g4 h5 13. g5 Ne4 14. Nxe4 dxe4 15. h4 Bg4 16. Qc2 Qd7 17. Ng3 Bf3 18. Nxe4 Bxg2 19. Kxg2 Qg4+ 20. Ng3 Qxh4 21. g6 Qg4 22. gxf7+ Kxf7 23. f3 Qg6 24. Qxg6+ Kxg6 25. f4 h4 26. f5+ Kf7 27. Ne2 Bg5 28. Nf4 Nd5 29. Ne6 Bxe3 30. Rf3 Bxc1 31. Rxc1 g6 32. Re1 Re7 33. fxg6+ Kxg6 34. Kh3 Rae8 35. Rg1+ Kh6 36. Ng5 Re3 37. Nf7+ Kh7 38. Ng5+ Kh6 39. Nf7+ Kh7 1/2-1/2

[Event "14th Mikhail Chigorin Memorial"]
[Site "Sochi URS"]
[Date "1980.09.23"]
[Round "15"]
[White "Suetin, Alexei"]
[Black "Spasov, Ljuben"]
[WhiteElo "2500"]
[BlackElo "2450"]
[Result "0-1"]
[EventDate "1980.09.03"]
[PlyCount "85"]

1. e4 c5 2. Nf3 d6 3. d4 cxd4 4. Nxd4 Nf6 5. Nc3 Nc6 6. Bg5 e6 7. Qd2 a6 8. O-O-O h6 9. Be3 Nxd4 10. Bxd4 b5 11. f3 Be7 12. Qf2 Bd7 13. Kb1 Qc7 14. g4 b4 15. Ne2 e5 16. Be3 Be6 17. Ng3 g6 18. Bd3 d5 19. h4 dxe4 20. Nxe4 Nd5 21. Nd2 Kf8 22. h5 g5 23. Nb3 Nxe3 24. Qxe3 a5 25. Be4 Rc8 26. Na1 a4 27. Bd5 Bxd5 28. Rxd5 Kg7 29. Qxe5+ Bf6 30. Qxc7 Rxc7 31. Ra5 a3 32. bxa3 Rb8 33. axb4 Rxb4+ 34. Nb3 Rbc4 35. Rh2 Re7 36. a4 Re1+ 37. Ka2 Rf1 38. Nd2 Rxc2+ 39. Kb3 Rfc1 40. Ka3 Rb2 41. Nb3 Rxh2 42. Nxc1 Bb2+ 43. Kb4 0-1

[Event "14th Mikhail Chigorin Memorial"]
[Site "Sochi URS"]
[Date "1980.09.23"]
[Round "15"]
[White "Sveshnikov, Evgeny"]
[Black "Torre, Eugenio"]
[WhiteElo "2570"]
[BlackElo "2520"]
[Result "1-0"]
[EventDate "1980.09.03"]
[PlyCount "79"]

1. e4 e5 2. Nf3 Nc6 3. Bc4 d6 4. d4 Bg4 5. Bb5 Nge7 6. Bg5 f6 7. Be3 exd4 8. Bxd4 a6 9. Bc4 Nxd4 10. Qxd4 b5 11. Be2 c5 12. Qe3 Nc6 13. a4 b4 14. Nbd2 Be7 15. Bc4 Qd7 16. Qd3 Qb7 17. O-O Bd7 18. Bd5 Qc7 19. Nc4 Ra7 20. Nfd2 Nd8 21. Ne3 Nf7 22. Ndc4 O-O 23. Nf5 Bxf5 24. exf5 Kh8 25. f4 Nh6 26. Rfe1 Rd8 27. Re6 Bf8 28. Rae1 Qf7 29. h3 Qh5 30. g4 Qh4 31. Kg2 Ng8 32. Re8 Rad7 33. Nb6 Re7 34. R1xe7 Bxe7 35. Rxg8+ Rxg8 36. Bxg8 Kxg8 37. Qd5+ Kf8 38. Qe6 g5 39. Nd7+ Ke8 40. Nxf6+ 1-0